000 00370nam a2200145Ia 4500
005 20240807062057.0
008 240806s9999||||xx |||||||||||||| ||eng||
041 _aeng
100 _aJaleel B.K. Abdul
245 0 _aSamkaleen hindi upanyas samay & samvedana /
_cJaleel B.K. Abdul
260 _bVani Prakashan
300 _a304
650 _aGeneral Studies
942 _cBK
999 _c7705
_d7705